| 000 | 013740am a22003130004500 | ||
|---|---|---|---|
| 003 | EG-GiCUC | ||
| 008 | 070526s1991 le a g d 001 0 ara d | ||
| 017 |
_a1988 / 2033 _bمصر.دار الكتب |
||
| 040 |
_aEG-GiCUC _bara _cEG-GiCUC |
||
| 041 | 0 |
_aara _afre |
|
| 050 | 4 |
_aPJ6106. _bD3 1991 |
|
| 092 | 0 | 4 |
_a415.103 _bD129 1991 _221 |
| 099 |
_a04 _a415.103 D129 1991 |
||
| 100 | 1 | _aالدحداح : انطوان | |
| 245 | 1 | 0 |
_aمعجم قواعد العربية العالمية : _bعربى-فرنسى / _cانطوان الدحداح ؛ راجعة الياس مطر ؛ دقق فيه جورج مترى عبد المسيح |
| 246 | 0 | 5 | _aDictionaire de la Arabe Universelle........ |
| 250 | _aط1 | ||
| 260 |
_aبيروت : _bمكتبة لبنان : _c1991 |
||
| 300 |
_aا-ح : 249 : 249ص : _bايض ؛ _c35سم |
||
| 500 | _aالصفحات متقابلة تحمل ترقيم مزدوجا | ||
| 500 | _aالنص باللغتين العربية و الفرنسية | ||
| 500 | _aفى رأس ص العنوان : موسوعة الدحداح فى علم العربية | ||
| 650 | 7 |
_aاللغة العربية _vمعاجم _xفرنسى _2qrmak |
|
| 650 | 7 |
_aاللغة العربية _xالنحو _vمعاجم _2qrmak |
|
| 650 | 7 |
_aاللغة الفرنسية _vمعاجم _xعربى _2qrmak |
|
| 902 | _a1 | ||
| 905 |
_aامنية _eمدخل |
||
| 942 |
_2ddc _cREF |
||
| 999 |
_c96661 _d96661 |
||